Normal view
MARC view
- International relations
Entry Topical Term
001 - CONTROL NUMBER
- control field: 37084
003 - CONTROL NUMBER IDENTIFIER
- control field: OSt
005 - DATE AND TIME OF LATEST TRANSACTION
- control field: 20150111120921.0
008 - FIXED-LENGTH DATA ELEMENTS
- fixed length control field: 150111|| aca||babn | a|a d
040 ## - CATALOGING SOURCE
- Original cataloging agency: OSt
150 ## - HEADING--TOPICAL TERM
- Topical term or geographic name as entry element: International relations
- General subdivision: History
- Chronological subdivision: 20th century